El hombre como animal /

Guardado en:
Autor Principal: Hill, W. C. Osman
Formato: Libro
Publicado: Argentina : Eudeba, 1965
Edición:2a. ed.
Materias:
Etiquetas: Agregar Etiqueta
Sin Etiquetas, Sea el primero en etiquetar este registro!
LEADER 00815nam a22002295a 4500
001 CEM.cems003256
005 19000101000000.0
008 130507s1965##################000#0#####d
003 CEMS
082 0 4 |a 572 
100 1 |a Hill, W. C. Osman 
245 1 0 |a El hombre como animal /  |c W. C. Osman Hill 
250 |a 2a. ed. 
260 |a Argentina :  |b Eudeba,  |c 1965 
300 |a 237 p. 
505 0 |a Diferencias humanas:causas de diversidad.-Natura y nurtura: reproducci¢n sexual; herencia y ambiente.-Leyes de Mendel.-Diferencias de grupo y herencia de grupo.-Clasificaci¢n racial; grupos sangu¡neos. 
653 |a Antropologia 
653 |a Culturas prehistoricas 
653 |a Historia de la cultura 
653 |a Hombre fosil 
653 |a Razas humanas 
859 |a CEMS  |b BIB. CEMS - 11 de abril  |h 572  |i H556a2  |p 5157.76  |t Ej.1